000 00570nam a22001697a 4500
005 20251108164251.0
008 250721s1993 xx 000 0 ara d
082 1 4 _a621.38928/فار
100 1 _aالعامري، فاروق محمد
245 1 0 _aالدوائر العملية لإطفاء الحرائق إلكترونياً /
264 1 _aالقاهرة :
_bالدار المصرية اللبنانية،
_c1993.
300 _a54ص
650 1 7 _aالهندسة الإلكترونية
650 1 7 _aأجهزة الإنذار
942 _2ddc
_cBK
999 _c7891
_d7891